El Regadío en Cataluña / Juan Sardá
Descripción Física:
32 p. ; 20 cm
Materias:
Regatge -- Catalunya
MARC
| LEADER | 00000nam a2200000Ia 4500 | ||
|---|---|---|---|
| 001 | 10895 | ||
| 008 | 160829s1913 xx 000 0 cat d | ||
| 080 | |a RF-1-54 | ||
| 100 | |a Sardá, Juan |9 25704 | ||
| 245 | |a El Regadío en Cataluña / Juan Sardá | ||
| 250 | |a 4a. ed. | ||
| 260 | |a Barcelona : |b (Tip. El Anuario), |c 1913 | ||
| 300 | |a 32 p. ; |c 20 cm | ||
| 590 | |a Donatiu de la Biblioteca Popular de Granollers | ||
| 650 | 0 | |a Regatge |z Catalunya |9 71489 | |
| 856 | 4 | |u https://media.diba.cat/diba/fitxers/arxiu/fulletons/bib_10895_baixa.pdf |y Accés lliure | |
| 856 | 4 | |u https://media.diba.cat/diba/fitxers/arxiu/fulletons/bib_10895_baixa.pdf |y Accés lliure | |
| 901 | |a Arxiu | ||
| 942 | |n 1 |2 udc | ||
| 952 | |0 0 |1 0 |4 0 |6 RF154 |7 1 |9 43749 |a Arxiu |b Arxiu |d 2016-12-01 |l 0 |o RF-1-54 |p 10895 |r 2016-12-01 00:00:00 |w 2016-12-01 |y ARXIU | ||
| 999 | |c 46297 |d 46297 | ||
| 900 | |a bib_10895_baixa.pdf | ||